| 000 | 00523nam a22001937a 4500 | ||
|---|---|---|---|
| 005 | 20260529153539.0 | ||
| 010 | _aENG-148671 | ||
| 020 |
_a9789347590771 _c175.00 |
||
| 035 | _aEN-132203 | ||
| 037 | _bDBAD | ||
| 082 |
_aN _21 |
||
| 100 | _aWilde, Oscar | ||
| 245 |
_aThe Importance of Being Earnest/ _cOscar Wilde |
||
| 250 | _a1 | ||
| 260 |
_aChandigarh _bThe Browser _c2026 |
||
| 270 |
_bChandigarh _aSCO 14-15, Sector 8-C _e160009 _mservice@thebrowser.org |
||
| 300 |
_a88p. _c20cm(pb) |
||
| 942 |
_2ddc _cEN _hN _mWIL |
||
| 999 |
_c216415 _d216415 |
||